00838 2200301 4500001002100000005001700021008004100038020001800079035002400097041000800121043001500129082001200144090001900156100001500175245012400190250001800314260003100332300002300363500002700386650001900413850001200432990001500444990001500459990001500474990001600489990001600505990001500521YOGYA-0209000000543620090227020816.0 ind  a979-526-204-1 0010-020900000005436 aInd aYOPDYOG(B) a297.635 a297.635bBuk I aBUKHORI, M aIslam dan adab seksualbMenguraikan kehidupan seks manusia menuju tata krama yang benar menurut agama IslamcM. Bukhori aEd. 1, cet. 1 aJakartabBumi aksarac1994 aviii,12 hlmc21 cm aBibliografi : hlm. 112 aSeks dan Islam aYOPDYOG a98P0109013 a98P0109014 a82982-P/96 a109013-P/98 a109014-P/98 a92922-P/97